[Event "Opole AZS op 1st"]
[Site "Opole"]
[Date "2023.08.15"]
[Round "2"]
[White "Klekowski, Maciej"]
[Black "Klisowski, Bartosz"]
[Result "1-0"]
[WhiteElo "2418"]
[BlackElo "1644"]
[PlyCount "111"]
[EventDate "2023.08.15"]
[EventType "swiss (rapid)"]
[EventRounds "9"]
[EventCountry "POL"]
[SourceTitle "EXT 2024"]
[Source "ChessBase"]
[SourceDate "2023.10.10"]
[SourceVersion "1"]
[SourceVersionDate "2023.10.10"]
[SourceQuality "1"]

1. c4 Nf6 2. Nc3 c5 3. g3 d5 4. cxd5 Nxd5 5. Bg2 Nxc3 6. bxc3 Nc6 7. Nf3 g6 8. Qa4 Bd7 9. Qc4 Qa5 10. Rb1 Rb8 11. a4 Qa6 12. Qxc5 e6 13. Qb5 Bd6 14. Qxa6 bxa6 15. Rxb8+ Nxb8 16. a5 Nc6 17. d3 0-0 18. 0-0 Nxa5 19. Bh6 Rc8 20. Ra1 Bc7 21. Be3 Bb6 22. c4 Bxe3 23. fxe3 Nb3 24. Rxa6 Rc7 25. d4 Rxc4 26. Rxa7 Bb5 27. Rb7 Rc1+ 28. Kf2 Bc4 29. Ne5 Na5 30. Ra7 Nb3 31. Rxf7 Rc2 32. Bf3 Nc1 33. Rc7 Nd3+ 34. Nxd3 Bxd3 35. Rxc2 Bxc2 36. e4 Bb3 37. e5 Kf8 38. Be4 Ke7 39. h4 Ba4 40. Ke3 Be8 41. Kf4 h6 42. Bd3 Kf8 43. g4 Kg7 44. g5 h5 45. Ke3 Kf7 46. Kd2 Bc6 47. Kc3 Bd5 48. Kb4 Bc6 49. Kc5 Ba4 50. Kd6 Bb3 51. e4 Ke8 52. Bb5+ Kf7 53. d5 Ba2 54. Bd7 exd5 55. e6+ Kg7 56. exd5 1-0

[Event "Rubinstein Memorial-D 54th"]
[Site "Polanica Zdroj"]
[Date "2018.08.22"]
[Round "5"]
[White "Grubiak, Karol"]
[Black "Klisowski, Bartosz"]
[Result "1-0"]
[WhiteElo "1164"]
[BlackElo "1330"]
[PlyCount "101"]
[EventDate "2018.08.18"]
[EventType "swiss"]
[EventRounds "9"]
[EventCountry "POL"]
[SourceTitle "EXT 2020"]
[Source "ChessBase"]
[SourceDate "2019.10.17"]
[SourceVersion "1"]
[SourceVersionDate "2019.10.17"]
[SourceQuality "1"]

1. e4 c6 2. Nf3 d5 3. e5 Bg4 4. Be2 e6 5. d4 Nd7 6. Nfd2 Bxe2 7. Qxe2 Ne7 8. Nb3 Qc7 9. Bg5 c5 10. dxc5 Qxe5 11. Qxe5 Nxe5 12. N1d2 N7c6 13. Be3 Be7 14. h3 Rd8 15. f4 Nd7 16. Nf3 0-0 17. 0-0-0 Nb4 18. Kb1 Na6 19. g4 Naxc5 20. g5 Nxb3 21. axb3 Bc5 22. Bd2 Rfe8 23. h4 e5 24. fxe5 Nxe5 25. Nxe5 Rxe5 26. h5 Be3 27. Bxe3 Rxe3 28. Rdg1 Rd6 29. Rh2 Rde6 30. Ka2 Re2 31. Rhg2 Rxg2 32. Rxg2 Kf8 33. Ka3 Ke7 34. Kb4 Kd6 35. Rf2 f6 36. Rf5 Re5 37. h6 Rxf5 38. g6 Rf4+ 39. Ka3 hxg6 40. hxg7 g5 41. g8Q g4 42. Qb8+ Ke6 43. Qxf4 f5 44. Kb4 a6 45. Kc5 b5 46. c4 bxc4 47. bxc4 dxc4 48. Kxc4 a5 49. Kb5 Kf6 50. Kxa5 Ke6 51. b4 1-0